000 00474nam a22001697a 4500
008 131126b xxu||||| |||| 00| 0 bos d
041 0 _abos
080 _a347
_x(497)
100 1 _aAsllani, Neshad
245 1 _aKosovski koraci u edukaciji o ljudskim pravima /
_cNeshad Asllani
260 _aPejë :
_bKCLJP ;
_bDukagjini ;
_c2003.
300 _a186 f. :
_c24 cm.
650 0 _aE drejta civile
650 0 _aTë drejtat e njeriut
700 2 _aHonkala, Satu
942 _2udc
_cBK
999 _c359
_d359